Quick Pick: Half-Bloods Quiz Stats

 Plays Quiz Updated Mar 24, 2020

Support Sporcle.
Go Orange.
Score 0/10 Timer 01:30
1 Play Today
% Correct
Percy Jackson
94.5%
Annabeth Chase
93.1%
Nico Di Angelo
91.6%
Silena Beauregard
90.7%
Travis Stoll
89.7%
Clarisse
88.4%
Katie Gardner
87.7%
Lee Fletcher
84%
Malcolm
72.5%
Daedalus
49.4%

Today's Daily Dose

Missing Word
Chiwetel Ejiofor

Word Ladder
ONG Words

Quick Pick
Dune

Get the Picture
Where in the Orchestra

From the Vault

Babelfish Beatles

by bazmerelda

Music 6m
'I Think That We Would Like to Grasp Your Hand' really is one of the all time classics.
Remove Ads.
Support Sporcle.
Get the best of Sporcle when you Go Orange. This ad-free experience offers more features, more stats, and more fun while also helping to support Sporcle. Thank you for becoming a member.

Show Comments

Extras

Top Quizzes Today


Score Distribution

Your Account Isn't Verified!

In order to create a playlist on Sporcle, you need to verify the email address you used during registration. Go to your Sporcle Settings to finish the process.

Report this User

Report this user for behavior that violates our Community Guidelines.

Details: